000
00328pab a2200157 454500
008
180718b2012 xxu||||| |||| 00| 0 eng d
100
_a
Rajamani, R.C.
245
_a
March of democracy
260
_c
2012
300
_a
p.16-19.
362
_a
Aug
650
_a
Democracy
773
_a
Yojana
908
_a
N
909
_a
97419
999
_c
97419
_d
97419